[Event "Small Nations"]
[Site "?"]
[Date "2015.04.25"]
[Round "8.12"]
[White "Andreasen, Joan Hendrik"]
[Black "Hadjikyriakou, Arsenios"]
[Result "1-0"]
[BlackElo "1859"]
[WhiteElo "2227"]
[LiveChessVersion "1.4.5"]

1. d4 {[%clk 1:30:29]} Nf6 {[%clk 1:30:53]} 2. c4 {[%clk 1:30:54]} e6
{[%clk 1:31:18]} 3. Nc3 {[%clk 1:30:55]} Bb4 {[%clk 1:31:40]} 4. e3
{[%clk 1:30:40]} O-O {[%clk 1:31:09]} 5. Nge2 {[%clk 1:30:42]} Re8
{[%clk 1:30:49]} 6. a3 {[%clk 1:30:44]} Bf8 {[%clk 1:31:12]} 7. Ng3
{[%clk 1:29:45]} d5 {[%clk 1:27:15]} 8. b3 {[%clk 1:27:09]} c5 {[%clk 1:21:53]}
9. dxc5 {[%clk 1:24:39]} Bxc5 {[%clk 1:20:46]} 10. Bb2 {[%clk 1:20:11]} Nc6
{[%clk 1:08:16]} 11. b4 {[%clk 1:10:45]} Bf8 {[%clk 1:08:12]} 12. Bd3
{[%clk 1:06:10]} Ne5 {[%clk 0:54:25]} 13. cxd5 {[%clk 1:06:20]} Nxd5
{[%clk 0:52:13]} 14. Bxh7+ {[%clk 1:00:11]} Kxh7 {[%clk 0:52:28]} 15. Qh5+
{[%clk 1:00:28]} Kg8 {[%clk 0:52:55]} 16. Qxe5 {[%clk 1:00:45]} Nxc3
{[%clk 0:47:28]} 17. Qxc3 {[%clk 1:00:20]} e5 {[%clk 0:45:38]} 18. O-O
{[%clk 0:59:56]} Qh4 {[%clk 0:42:37]} 19. e4 {[%clk 0:56:45]} a5 {[%clk 0:39:14]}
20. b5 {[%clk 0:54:45]} Bd7 {[%clk 0:33:53]} 21. a4 {[%clk 0:51:47]} Rac8
{[%clk 0:31:38]} 22. Qxa5 {[%clk 0:44:20]} Rc2 {[%clk 0:31:52]} 23. Bc1
{[%clk 0:28:04]} Bc5 {[%clk 0:29:51]} 24. Qe1 {[%clk 0:22:20]} Re6
{[%clk 0:20:39]} 25. Nf5 {[%clk 0:17:17]} Qg4 {[%clk 0:20:34]} 26. h3
{[%clk 0:16:04]} Qh5 {[%clk 0:20:48]} 27. Ng3 {[%clk 0:13:29]} Qh4
{[%clk 0:18:45]} 28. Be3 {[%clk 0:12:05]} Rg6 {[%clk 0:15:38]} 29. Bxc5
{[%clk 0:08:43]} Bxh3 {[%clk 0:15:26]} 30. gxh3 {[%clk 0:07:16]} Qxh3
{[%clk 0:14:53]} 31. Qe3 {[%clk 0:06:11]} Rxf2 {[%clk 0:13:05]} 32. Kxf2
{[%clk 0:05:48]} 1-0

[Event "Small Nations"]
[Site "?"]
[Date "2015.04.25"]
[Round "8.13"]
[White "De La Riva Aguado, Oscar"]
[Black "Pace, Colin"]
[Result "1-0"]
[BlackElo "2120"]
[WhiteElo "2507"]
[LiveChessVersion "1.4.5"]

1. e4 {[%clk 1:30:54]} c5 {[%clk 1:30:53]} 2. Nf3 {[%clk 1:31:04]} Nc6
{[%clk 1:31:13]} 3. Bb5 {[%clk 1:29:05]} g6 {[%clk 1:31:07]} 4. Bxc6
{[%clk 1:22:46]} dxc6 {[%clk 1:31:24]} 5. d3 {[%clk 1:23:10]} Bg7
{[%clk 1:31:20]} 6. Nc3 {[%clk 1:23:33]} Nf6 {[%clk 1:28:09]} 7. Be3
{[%clk 1:23:26]} Ng4 {[%clk 1:08:59]} 8. Bd2 {[%clk 1:17:23]} Qd6
{[%clk 0:58:41]} 9. h3 {[%clk 1:13:33]} Ne5 {[%clk 0:58:44]} 10. Nh2
{[%clk 1:13:39]} g5 {[%clk 0:50:57]} 11. Bxg5 {[%clk 0:51:51]} Qg6
{[%clk 0:49:17]} 12. Qd2 {[%clk 0:52:02]} h6 {[%clk 0:47:47]} 13. Bf4
{[%clk 0:44:37]} Qxg2 {[%clk 0:45:57]} 14. O-O-O {[%clk 0:45:01]} Ng6
{[%clk 0:39:15]} 15. Be3 {[%clk 0:44:46]} Bd4 {[%clk 0:36:49]} 16. Ne2
{[%clk 0:40:20]} Bxe3 {[%clk 0:35:07]} 17. Qxe3 {[%clk 0:40:15]} Qxh3
{[%clk 0:34:56]} 18. Qxc5 {[%clk 0:39:59]} Qe6 {[%clk 0:34:39]} 19. Kb1
{[%clk 0:40:03]} Qd6 {[%clk 0:33:40]} 20. Qe3 {[%clk 0:39:29]} e5
{[%clk 0:27:24]} 21. d4 {[%clk 0:29:54]} Be6 {[%clk 0:27:30]} 22. d5
{[%clk 0:16:35]} cxd5 {[%clk 0:24:30]} 23. exd5 {[%clk 0:17:00]} Bd7
{[%clk 0:23:27]} 24. f4 {[%clk 0:17:24]} b6 25. Nf3 {[%clk 0:16:55]} f6
{[%clk 0:16:36]} 26. Rhg1 {[%clk 0:16:36]} Kf7 {[%clk 0:15:42]} 27. Rxg6
{[%clk 0:14:52]} Kxg6 {[%clk 0:15:30]} 28. fxe5 {[%clk 0:15:15]} fxe5
{[%clk 0:14:35]} 29. Nxe5+ {[%clk 0:15:25]} 1-0

[Event "Small Nations"]
[Site "?"]
[Date "2015.04.25"]
[Round "8.14"]
[White "Cilia Vincenti, David"]
[Black "Jose Queralto, Daniel"]
[Result "1-0"]
[BlackElo "2154"]
[WhiteElo "2078"]
[LiveChessVersion "1.4.5"]

1. d4 {[%clk 1:30:57]} d5 {[%clk 1:30:55]} 2. c4 {[%clk 1:31:21]} dxc4
{[%clk 1:31:21]} 3. Nf3 {[%clk 1:31:42]} Nf6 {[%clk 1:31:47]} 4. e3
{[%clk 1:32:00]} e6 {[%clk 1:32:13]} 5. Bxc4 {[%clk 1:32:22]} c5 {[%clk 1:32:39]}
6. O-O {[%clk 1:32:30]} Nc6 {[%clk 1:33:06]} 7. Qe2 {[%clk 1:32:23]} cxd4
{[%clk 1:33:30]} 8. Rd1 {[%clk 1:32:31]} Be7 {[%clk 1:33:54]} 9. exd4
{[%clk 1:32:45]} O-O {[%clk 1:34:17]} 10. Nc3 {[%clk 1:33:03]} Na5
{[%clk 1:34:41]} 11. Bd3 {[%clk 1:33:15]} b6 {[%clk 1:35:05]} 12. Qe5
{[%clk 1:33:11]} Bb7 {[%clk 1:25:31]} 13. Qg3 {[%clk 1:28:56]} g6
{[%clk 1:22:38]} 14. Bh6 {[%clk 1:27:45]} Re8 {[%clk 1:13:21]} 15. Ne5
{[%clk 1:26:02]} Nh5 {[%clk 1:06:23]} 16. Qe3 {[%clk 1:20:50]} Ng7
{[%clk 1:05:37]} 17. Bb5 {[%clk 0:52:33]} Nf5 {[%clk 0:58:00]} 18. Qh3
{[%clk 0:46:53]} f6 {[%clk 0:55:42]} 19. Bxe8 {[%clk 0:41:04]} fxe5
{[%clk 0:51:57]} 20. Ba4 {[%clk 0:38:50]} exd4 {[%clk 0:51:37]} 21. Bf4
{[%clk 0:31:01]} Bd6 {[%clk 0:42:23]} 22. Bxd6 {[%clk 0:26:03]} Qxd6
{[%clk 0:42:09]} 23. Bc2 {[%clk 0:24:09]} Qc5 {[%clk 0:37:52]} 24. Bxf5
{[%clk 0:23:08]} exf5 {[%clk 0:37:21]} 25. Ne2 {[%clk 0:22:28]} Rd8
{[%clk 0:37:37]} 26. Rac1 {[%clk 0:21:04]} Qe5 {[%clk 0:37:15]} 27. Qh4
{[%clk 0:18:47]} Qd5 {[%clk 0:36:37]} 28. Nf4 {[%clk 0:18:14]} Qd6
{[%clk 0:35:58]} 29. Ne6 {[%clk 0:17:59]} Rd7 {[%clk 0:36:05]} 30. Qxd4
{[%clk 0:14:14]} Qxd4 {[%clk 0:34:11]} 31. Rxd4 {[%clk 0:13:45]} Re7
{[%clk 0:33:48]} 32. Rc7 {[%clk 0:11:46]} 1-0

[Event "Small Nations"]
[Site "?"]
[Date "2015.04.25"]
[Round "8.15"]
[White "Mateu Guiu, Esteve"]
[Black "Darmanin, Jake"]
[Result "0-1"]
[BlackElo "1984"]
[WhiteElo "2034"]
[LiveChessVersion "1.4.5"]

1. e4 {[%clk 1:30:57]} e5 {[%clk 1:30:35]} 2. Nc3 {[%clk 1:31:11]} Nf6
{[%clk 1:30:59]} 3. f4 {[%clk 1:31:16]} d5 {[%clk 1:31:08]} 4. fxe5
{[%clk 1:31:22]} Nxe4 {[%clk 1:31:28]} 5. Nf3 {[%clk 1:31:18]} Be7
{[%clk 1:31:51]} 6. Qe2 {[%clk 1:31:06]} Nxc3 {[%clk 1:26:50]} 7. dxc3
{[%clk 1:31:00]} O-O {[%clk 1:25:49]} 8. Qf2 {[%clk 1:28:04]} c5 {[%clk 1:16:56]}
9. Be3 {[%clk 1:18:52]} Qc7 {[%clk 1:06:48]} 10. O-O-O {[%clk 1:14:47]} Be6
{[%clk 1:05:35]} 11. Qg3 {[%clk 1:10:38]} Rd8 {[%clk 0:44:58]} 12. Ng5
{[%clk 1:07:03]} Nc6 {[%clk 0:30:14]} 13. Bf4 {[%clk 0:54:00]} Bxg5
{[%clk 0:22:56]} 14. Qxg5 {[%clk 0:53:52]} Ne7 {[%clk 0:22:09]} 15. h4
{[%clk 0:26:25]} Ng6 {[%clk 0:22:07]} 16. Bh2 {[%clk 0:24:55]} h6
{[%clk 0:20:07]} 17. Qg3 {[%clk 0:21:21]} c4 {[%clk 0:17:20]} 18. Be2
{[%clk 0:16:42]} Qa5 {[%clk 0:17:43]} 19. a3 {[%clk 0:15:45]} Rac8
{[%clk 0:12:48]} 20. Bg4 {[%clk 0:10:30]} Nf8 {[%clk 0:13:09]} 21. Rhf1
{[%clk 0:09:04]} d4 {[%clk 0:12:31]} 22. Rf3 {[%clk 0:06:04]} dxc3
{[%clk 0:09:31]} 23. Rxc3 {[%clk 0:06:26]} b5 {[%clk 0:09:05]} 24. Rxd8
{[%clk 0:04:58]} Rxd8 {[%clk 0:09:28]} 25. Bxe6 {[%clk 0:05:10]} Nxe6
{[%clk 0:09:46]} 26. Qe1 {[%clk 0:04:26]} Rd5 {[%clk 0:06:56]} 27. Re3
{[%clk 0:00:37]} Qd8 {[%clk 0:07:13]} 28. g4 {[%clk 0:00:43]} a5 {[%clk 0:05:56]}
29. Re4 {[%clk 0:00:56]} Nd4 {[%clk 0:04:03]} 30. Bf4 {[%clk 0:00:51]} b4
{[%clk 0:02:31]} 31. axb4 {[%clk 0:00:38]} axb4 {[%clk 0:02:49]} 32. Re3
{[%clk 0:00:34]} b3 {[%clk 0:02:17]} 33. e6 {[%clk 0:00:42]} fxe6
{[%clk 0:01:46]} 34. Rc3 {[%clk 0:00:37]} Qa5 {[%clk 0:00:53]} 35. cxb3
{[%clk 0:00:38]} Qa1+ {[%clk 0:01:12]} 0-1

[Event "Small Nations"]
[Site "?"]
[Date "2015.04.25"]
[Round "8.16"]
[White "Psaila, Clarence"]
[Black "Fernandez Lopez, Joan"]
[Result "0-1"]
[BlackElo "2133"]
[WhiteElo "2063"]
[LiveChessVersion "1.4.5"]

1. e4 {[%clk 1:30:55]} c5 {[%clk 1:30:24]} 2. Nf3 {[%clk 1:31:20]} Nc6
{[%clk 1:30:17]} 3. d4 {[%clk 1:31:43]} cxd4 {[%clk 1:29:51]} 4. Nxd4
{[%clk 1:32:02]} g6 {[%clk 1:29:43]} 5. c4 {[%clk 1:32:24]} Bg7 {[%clk 1:28:39]}
6. Be3 {[%clk 1:32:41]} Nf6 {[%clk 1:27:24]} 7. Nc3 {[%clk 1:33:00]} d6
{[%clk 1:25:37]} 8. Be2 {[%clk 1:33:07]} O-O {[%clk 1:25:15]} 9. Qd2
{[%clk 1:32:00]} Bd7 {[%clk 1:18:57]} 10. O-O {[%clk 1:32:05]} Nxd4
{[%clk 1:16:31]} 11. Bxd4 {[%clk 1:32:21]} Bc6 {[%clk 1:16:24]} 12. f3
{[%clk 1:32:08]} a5 {[%clk 1:09:06]} 13. b3 {[%clk 1:29:57]} Nd7 {[%clk 0:59:45]}
14. Be3 {[%clk 1:29:21]} Nc5 {[%clk 0:57:40]} 15. Rab1 {[%clk 1:29:17]} Qb6
{[%clk 0:55:41]} 16. Rfc1 {[%clk 1:28:44]} Ra6 {[%clk 0:49:19]} 17. Rc2
{[%clk 1:09:54]} Qb4 {[%clk 0:40:23]} 18. Nd5 {[%clk 0:50:45]} Bxd5
{[%clk 0:38:23]} 19. Qxb4 {[%clk 0:49:23]} axb4 {[%clk 0:38:08]} 20. cxd5
{[%clk 0:49:22]} Ra5 {[%clk 0:36:41]} 21. Bd2 {[%clk 0:14:31]} Rfa8
{[%clk 0:19:30]} 22. a4 {[%clk 0:12:54]} bxa3 {[%clk 0:19:57]} 23. Bxa5
{[%clk 0:13:10]} Rxa5 {[%clk 0:20:24]} 24. Ra2 {[%clk 0:13:12]} Na6
{[%clk 0:13:19]} 25. b4 {[%clk 0:12:02]} Ra4 {[%clk 0:13:10]} 26. Bd1
{[%clk 0:12:02]} Nxb4 {[%clk 0:13:20]} 27. Bxa4 {[%clk 0:10:38]} Nxa2
{[%clk 0:13:45]} 28. Rxb7 {[%clk 0:10:04]} Bd4+ {[%clk 0:13:59]} 29. Kf1
{[%clk 0:10:04]} Nc1 {[%clk 0:13:45]} 30. Rb1 {[%clk 0:09:21]} Bb2
{[%clk 0:13:44]} 31. Rxc1 {[%clk 0:09:20]} Bxc1 {[%clk 0:14:11]} 32. Bb3
{[%clk 0:09:44]} Kg7 {[%clk 0:14:38]} 33. Ke2 {[%clk 0:09:56]} Kf6
{[%clk 0:14:54]} 34. g3 {[%clk 0:09:21]} Ke5 {[%clk 0:14:38]} 35. Kd3
{[%clk 0:09:34]} g5 {[%clk 0:14:59]} 36. g4 {[%clk 0:09:26]} Bf4 {[%clk 0:15:02]}
37. h3 {[%clk 0:09:42]} Bc1 {[%clk 0:15:29]} 38. Kc2 {[%clk 0:02:50]} Bb2
{[%clk 0:15:37]} 39. Kd3 {[%clk 0:02:59]} Kf4 {[%clk 0:14:12]} 40. Ke2
{[%clk 0:03:04]} Kg3 {[%clk 0:14:37]} 41. Ba2 {[%clk 0:02:06]} Kxh3
{[%clk 0:15:01]} 42. Bc4 {[%clk 0:01:20]} Kg3 {[%clk 0:15:27]} 43. Ba2
{[%clk 0:01:29]} Kf4 {[%clk 0:15:53]} 44. Bb3 {[%clk 0:01:39]} Ke5
{[%clk 0:16:02]} 45. Kd3 {[%clk 0:01:44]} e6 {[%clk 0:15:40]} 46. Ba2
{[%clk 0:01:56]} exd5 {[%clk 0:16:01]} 47. Bxd5 {[%clk 0:02:17]} f5
{[%clk 0:16:22]} 48. gxf5 {[%clk 0:12:53]} Kf4 {[%clk 0:46:42]} 49. Ke2
{[%clk 0:13:16]} Kg3 {[%clk 0:44:53]} 50. Kf1 {[%clk 0:10:54]} Bd4
{[%clk 0:45:16]} 51. Ke2 h5 {[%clk 0:45:34]} 52. Kd3 {[%clk 0:01:44]} Be5
{[%clk 0:45:53]} 53. Ke2 {[%clk 0:02:05]} h4 {[%clk 0:46:01]} 54. Kf1
{[%clk 0:02:23]} Bd4 {[%clk 0:46:16]} 55. f6 {[%clk 0:02:39]} Bxf6
{[%clk 0:46:43]} 56. Kg1 {[%clk 0:03:03]} Be5 {[%clk 0:47:07]} 57. Kh1
{[%clk 0:03:25]} Kxf3 {[%clk 0:47:33]} 0-1

[Event "Small Nations"]
[Site "?"]
[Date "2015.04.25"]
[Round "9.1"]
[White "Berend, Fred"]
[Black "Holland, Christopher"]
[Result "1/2-1/2"]
[WhiteElo "2349"]
[BlackElo "2213"]
[PlyCount "97"]
[EventDate "2015.??.??"]
[TimeControl "6000+2080"]
[WhiteClock "0:17:10"]
[BlackClock "0:15:42"]

1. d4 Nf6 2. c4 g6 3. Nc3 Bg7 4. Nf3 O-O 5. Bg5 h6 6. Bh4 d6 7. e3 Nbd7 8. Be2
Re8 9. O-O e5 10. Qc2 exd4 11. Nxd4 Nc5 12. Rad1 a5 13. h3 Bd7 14. Bf3 Qc8 15.
Bg3 Ne6 16. Qb3 Rb8 17. Ncb5 Ng5 18. Na7 Qd8 19. Be2 Nge4 20. Bh2 c6 21. Qa3
Ra8 22. f3 Nc5 23. Bxd6 Na6 24. Nab5 cxb5 25. cxb5 Nb4 26. e4 Qb6 27. e5 Nh5
28. f4 Nc2 29. Bc5 Nxd4 30. Rxd4 Qc7 31. Bd6 Qc2 32. Rf2 Qb1+ 33. Rd1 Qe4 34.
Bf3 Qc4 35. Bxb7 Ra7 36. Bd5 Qxb5 37. Qe3 Ra6 38. g4 Rxd6 39. Bxf7+ Kxf7 40.
Rxd6 Bf8 41. Rxd7+ Qxd7 42. gxh5 Qd1+ 43. Kg2 Qxh5 44. Qa7+ Kg8 45. Qxa5 Qf5
46. Qb5 Rd8 47. Qc4+ Kh8 48. Qc2 Qe6 49. Qe4 1/2-1/2

[Event "Small Nations"]
[Site "?"]
[Date "2015.04.25"]
[Round "9.5"]
[White "Efimov, Igor"]
[Black "Klerides, Paris"]
[Result "1/2-1/2"]
[WhiteElo "2398"]
[BlackElo "2183"]
[Annotator "Hamperl,Fred"]
[PlyCount "37"]
[EventDate "2015.??.??"]
[TimeControl "6000+1165"]
[WhiteClock "0:29:02"]
[BlackClock "0:30:45"]

1. d4 Nf6 2. Nf3 c5 3. d5 e6 4. c4 exd5 5. cxd5 Bd6 6. Nc3 Bc7 7. Bg5 d6 8. e3
a6 9. a4 O-O 10. Nd2 Nbd7 11. Be2 Qe7 12. O-O Re8 13. Qc2 Rb8 14. Rab1 Ba5 15.
Nc4 Bc7 16. Nd2 Ba5 17. Bh4 h6 18. Rfd1 Ne5 19. Nde4 1/2-1/2

[Event "Small Nations"]
[Site "?"]
[Date "2015.04.25"]
[Round "9.15"]
[White "Volpinari, Danilo"]
[Black "Jose Queralto, Daniel"]
[Result "1-0"]
[WhiteElo "2016"]
[BlackElo "2154"]
[PlyCount "75"]
[EventDate "2015.??.??"]
[TimeControl "6000+690"]
[WhiteClock "0:02:48"]
[BlackClock "0:05:11"]

1. e4 e5 2. Bc4 Nf6 3. d3 Nc6 4. Nc3 Na5 5. Qf3 c6 6. Bg5 Be7 7. Nge2 d6 8. h3
h6 9. Bd2 Nxc4 10. dxc4 Be6 11. b3 Qc7 12. O-O O-O-O 13. a4 Kb8 14. a5 d5 15.
cxd5 cxd5 16. exd5 Nxd5 17. Rfd1 Rd7 18. a6 Rhd8 19. axb7 Nxc3 20. Nxc3 Bc5 21.
Be1 Rxd1 22. Rxd1 Rxd1 23. Qxd1 Qxb7 24. Qd3 Qd7 25. Qe2 f6 26. Nd1 Bd5 27. Ne3
Bb7 28. b4 Bb6 29. c4 Bd4 30. Nc2 Qc6 31. Ne3 Qe4 32. Bd2 a6 33. Qf1 f5 34. c5
Ka7 35. Nc4 Qc2 36. Qc1 Qxc1+ 37. Bxc1 Bc3 38. Bd2 {White lost on time.} 1-0